MyGZULibrary

Property law / (Record no. 7539)

MARC details
000 -LEADER
fixed length control field 01050cam a22003618 4500
001 - CONTROL NUMBER
control field 18059330
003 - CONTROL NUMBER IDENTIFIER
control field KF560 SMI 2014
005 - DATE AND TIME OF LATEST TRANSACTION
control field 20210511110622.0
008 - FIXED-LENGTH DATA ELEMENTS--GENERAL INFORMATION
fixed length control field 140307s2014 enk 001 0 eng
010 ## - LIBRARY OF CONGRESS CONTROL NUMBER
LC control number 2014009573
020 ## - INTERNATIONAL STANDARD BOOK NUMBER
International Standard Book Number 9781292001869 (pbk.)
040 ## - CATALOGING SOURCE
Original cataloging agency DLC
Language of cataloging eng
Transcribing agency DLC
Description conventions rda
042 ## - AUTHENTICATION CODE
Authentication code pcc
043 ## - GEOGRAPHIC AREA CODE
Geographic area code e-uk-en
050 00 - LIBRARY OF CONGRESS CALL NUMBER
Classification number KD829
Item number .S64 2014
082 00 - DEWEY DECIMAL CLASSIFICATION NUMBER
Classification number 346.4104/3
Edition number 23
100 1# - MAIN ENTRY--PERSONAL NAME
Personal name Smith, Roger J.
Fuller form of name (Roger John),
Dates associated with a name 1948-
Relator term author.
245 10 - TITLE STATEMENT
Title Property law /
Statement of responsibility, etc. Roger J. Smith.
250 ## - EDITION STATEMENT
Edition statement Eight edition.
263 ## - PROJECTED PUBLICATION DATE
Projected publication date 1404
264 #1 - PRODUCTION, PUBLICATION, DISTRIBUTION, MANUFACTURE, AND COPYRIGHT NOTICE
Place of production, publication, distribution, manufacture New York :
Name of producer, publisher, distributor, manufacturer Pearson Longman,
Date of production, publication, distribution, manufacture, or copyright notice 2014.
300 ## - PHYSICAL DESCRIPTION
Extent 631p.
336 ## - CONTENT TYPE
Content type term text
Source rdacontent
337 ## - MEDIA TYPE
Media type term unmediated
Source rdamedia
338 ## - CARRIER TYPE
Carrier type term volume
Source rdacarrier
490 0# - SERIES STATEMENT
Series statement Longman law series
500 ## - GENERAL NOTE
General note Includes bibliographical references and index
600 ## - SUBJECT ADDED ENTRY--PERSONAL NAME
Source of heading or term Property law
650 #0 - SUBJECT ADDED ENTRY--TOPICAL TERM
Topical term or geographic name entry element Real property
Geographic subdivision England.
906 ## - LOCAL DATA ELEMENT F, LDF (RLIN)
a 7
b cbc
c orignew
d 1
e ecip
f 20
g y-gencatlg
942 ## - ADDED ENTRY ELEMENTS (KOHA)
Source of classification or shelving scheme Library of Congress Classification
Koha item type Books
Edition 8th
Classification part 560
Item part SMI
Call number prefix KF
Holdings
Withdrawn status Lost status Damaged status Not for loan Collection code Home library Current library Shelving location Date acquired Total Checkouts Total Renewals Full call number Barcode Date last seen Date last checked out Copy number Price effective from Koha item type
        Non-fiction Law Library Law Library General Stacks 05/11/2021 3 1 KF560 SMI 2014 030684 05/07/2024 04/30/2024 c.1 05/11/2021 Books